<?xml version="1.0" encoding="UTF-8"?>
<collection xmlns="http://www.loc.gov/MARC21/slim">
    <record>
        <controlfield tag="001">31875</controlfield>
        <controlfield tag="005">20160204081700.0</controlfield>
        <datafield tag="037" ind1=" " ind2=" ">
            <subfield code="a">TAZ-PFC-2015-331</subfield>
        </datafield>
        <datafield tag="041" ind1=" " ind2=" ">
            <subfield code="a">spa</subfield>
        </datafield>
        <datafield tag="100" ind1="1" ind2=" ">
            <subfield code="a">CUELLO ESCARIO, CARLOS</subfield>
        </datafield>
        <datafield tag="245" ind1="0" ind2="0">
            <subfield code="a">NAVE INDUSTRIAL DESTINADA A TALLER DE CARPINTERÍA METÁLICA SITUADA EN EL POLÍGONO PLHUS (HUESCA).</subfield>
        </datafield>
        <datafield tag="260" ind1=" " ind2=" ">
            <subfield code="a">Zaragoza</subfield>
            <subfield code="b">Universidad de Zaragoza</subfield>
            <subfield code="c">2015</subfield>
        </datafield>
        <datafield tag="506" ind1=" " ind2=" ">
            <subfield code="a">by-nc-sa</subfield>
            <subfield code="b">Creative Commons</subfield>
            <subfield code="c">3.0</subfield>
            <subfield code="u">http://creativecommons.org/licenses/by-nc-sa/3.0/</subfield>
        </datafield>
        <datafield tag="520" ind1=" " ind2=" ">
            <subfield code="a">El presente proyecto tiene por objeto llevar a cabo el diseño y cálculo de una nave industrial destinada a albergar un taller de carpintería metálica. La nave se sitúa en  el polígono industrial PLHUS, ubicado en la localidad de Huesca. De entre los muchos servicios que ofrece el taller de carpintería, hay que destacar el de fabricación y montaje de estructuras metálicas, que puede considerarse como la actividad más importante que realiza la empresa. La nave contará con las siguientes zonas: Zona de recepción, Pasillos, Oficinas, Comedor, Vestuarios, Zona de trabajo, Zona de expedición, Maquinaria Se dispondrá de un puente grúa para el manejo de cargas pesadas. Se dimensionará la maquinaria en función de los servicios que desarrolla la empresa y los materiales que con los que trabaja. Se diseña una nave de estructura metálica con pórticos a dos aguas, con celosía americana, de 90 metros de largo por 30 metros de ancho, una altura de pilar de 8,5 metros y una altura de coronación de nave de 12 metros, ocupando así la industria metálica una superficie de 2700 m2. Se dimensionarán también las instalaciones de: Saneamiento, Fontanería, Protección contra incendios, Climatización, Ventilación, Electricidad Finalmente se realizará un estudio económico para analizar la viabilidad del proyecto.</subfield>
        </datafield>
        <datafield tag="521" ind1=" " ind2=" ">
            <subfield code="a">Ingeniero Técnico Industrial, especialidad Química Industrial</subfield>
        </datafield>
        <datafield tag="540" ind1=" " ind2=" ">
            <subfield code="a">Derechos regulados por licencia Creative Commons</subfield>
        </datafield>
        <datafield tag="700" ind1=" " ind2=" ">
            <subfield code="a">Vidal Cortés, Mariano</subfield>
            <subfield code="e">dir.</subfield>
        </datafield>
        <datafield tag="700" ind1=" " ind2=" ">
            <subfield code="a">Garcés Tebar, Antonio Javier</subfield>
            <subfield code="e">dir.</subfield>
        </datafield>
        <datafield tag="710" ind1="2" ind2=" ">
            <subfield code="a">Universidad de Zaragoza</subfield>
            <subfield code="b">Ingeniería Mecánica</subfield>
            <subfield code="c">Ingeniería Mecánica</subfield>
        </datafield>
        <datafield tag="856" ind1="0" ind2=" ">
            <subfield code="f">579464@celes.unizar.es</subfield>
        </datafield>
        <datafield tag="856" ind1="4" ind2=" ">
            <subfield code="s">24626929</subfield>
            <subfield code="u">http://zaguan.unizar.es/record/31875/files/TAZ-PFC-2015-331.pdf</subfield>
            <subfield code="y">Memoria (spa)</subfield>
        </datafield>
        <datafield tag="909" ind1="C" ind2="O">
            <subfield code="o">oai:zaguan.unizar.es:31875</subfield>
            <subfield code="p">proyectos-fin-carrera</subfield>
            <subfield code="p">driver</subfield>
        </datafield>
        <datafield tag="950" ind1=" " ind2=" ">
            <subfield code="a"></subfield>
        </datafield>
        <datafield tag="951" ind1=" " ind2=" ">
            <subfield code="a">deposita:2015-08-25</subfield>
        </datafield>
        <datafield tag="980" ind1=" " ind2=" ">
            <subfield code="a">TAZ</subfield>
            <subfield code="b">PFC</subfield>
            <subfield code="c">EPSHUES</subfield>
        </datafield>
    </record>

    
</collection>